| 000 | 00683nam a2200193 4500 | ||
|---|---|---|---|
| 001 | 126124 | ||
| 003 | ES-MaACL | ||
| 007 | t| | ||
| 008 | 070214s1982 po r ||||1| por d | ||
| 100 | 1 |
_aReis, Humberto. _996074 |
|
| 245 | 1 | 0 |
_aA arquitectura religiosa do Alto Alentejo na segunda metade do século XVI e nos séculos XVII e XVIII / _cHumberto Reis, Mário Tavares Chicó. |
| 260 |
_aLisboa : _b[s. n.], _c1982 ( _fImprensa Nacional-Casa da Moeda) |
||
| 300 |
_a160 h. : _bprincipalmente il. ; _c28 cm. |
||
| 490 | 1 | _aPresenças | |
| 700 | 1 |
_aChicó, Mário Tavares. _938488 |
|
| 830 | 0 |
_aPresenças _9219095 |
|
| 852 |
_aES-MaACL _jL-9192 _bR.111130 |
||
| 999 |
_c126124 _d126124 |
||